[Event "Marburg op-A"]
[Site "Marburg"]
[Date "2023.10.29"]
[Round "7"]
[White "Borchert, Andreas"]
[Black "Rybarczyk, Klaus"]
[Result "0-1"]
[WhiteElo "1994"]
[BlackElo "2142"]
[PlyCount "69"]
[EventDate "2023.10.26"]
[EventType "swiss"]
[EventRounds "7"]
[EventCountry "GER"]
[SourceTitle "CBM 217 Extra"]
[Source "ChessBase"]
[SourceDate "2024.01.31"]
[SourceVersion "1"]
[SourceVersionDate "2024.01.31"]
[SourceQuality "1"]

1. e4 c5 2. c3 d5 3. exd5 Qxd5 4. d4 g6 5. Nf3 Bg7 6. Be3 Nh6 7. Nbd2 Nf5 8. Bc4 Qd8 9. d5 Nxe3 10. fxe3 0-0 11. 0-0 Nd7 12. e4 Nf6 13. Qb3 Rb8 14. a4 b6 15. Rae1 a6 16. Bd3 e6 17. c4 exd5 18. e5 dxc4 19. Bxc4 Ng4 20. Bxf7+ Rxf7 21. Ng5 Qd4+ 22. Kh1 c4 23. Nxc4 Be6 24. Nxf7 Nf2+ 25. Rxf2 Qxf2 26. Qd1 Bxc4 27. Nd6 Be6 28. Ne4 Qf8 29. Ng5 Qe7 30. Qd6 Re8 31. h4 Qxd6 32. exd6 Bd7 33. Rc1 h6 34. Rc7 Rd8 35. Ne4 0-1